01147cam a2200205 450000500170000000800410001702000150005805000200007324000160009324502250010926000860033430000190042049000980043950501570053765000370069465100610073170000620079270000440085470000430089820220822140949.0 1956 spa  a840003735904aF1412bE86 195600aLeyes, etc.00aCedulario americano del siglo XVIII : bColección de disposiciones legales indianas desde 1680-1800 contenidas en los Cedularios del Archivo General de Indias c/ edicion, estudio y comentarios por Antonio Muro Orejon. aSevilla, España : bEscuela de Estudios Hispano-Americanos de Sevilla, c1956.  a3 t. ;c25 cm. aPublicaciones de la Escuela de Estudios Hispano-Americanos de la Universidad de Sevilla ;v99 aContenido: T.1. Cedulas de Carlos II (1679-1700) -- T.2. Cedulas de Felipe V (1700-1724) -- T.3. Cedulas de Luis I (1724) : Cedula de Felipe V (1724-46) 72Lemb aLeyesxColoniaszEspaña 72Lemb aEspaña xColonias xAdministraciónzAmérica1 aMuro Orejon, Antonio, eedición, estudio y comentarios.1 aLlavador Mira, Antonio, ecolaborador. 1 aMuro Romero, Fernando, ecolaborador.